[Event "COL-ch"]
[Site "Boyaca"]
[Date "2022.08.18"]
[Round "3"]
[White "Vargas Arteaga, Alexis"]
[Black "Torres Cueto, Jesus Marcial"]
[Result "1-0"]
[WhiteElo "2239"]
[BlackElo "2036"]
[PlyCount "185"]
[EventDate "2022.08.17"]
[EventType "swiss"]
[EventRounds "9"]
[EventCountry "COL"]
[SourceTitle "CBM 210 Extra"]
[Source "ChessBase"]
[SourceDate "2022.11.30"]
[SourceVersion "1"]
[SourceVersionDate "2022.11.30"]
[SourceQuality "1"]

1. e4 e6 2. d4 d5 3. Bd3 c5 4. exd5 Qxd5 5. Nc3 Qd8 6. dxc5 Bxc5 7. Qg4 Nf6 8. Qg3 a6 9. Nf3 Bd6 10. Qxg7 Rg8 11. Qh6 Rxg2 12. Bg5 Nbd7 13. Qh3 Rxg5 14. Nxg5 Qb6 15. Nge4 Qxb2 16. Nxd6+ Ke7 17. Kd2 Kxd6 18. Rab1 Qa3 19. Qh4 Ke7 20. Qb4+ Qxb4 21. Rxb4 b5 22. a4 Bb7 23. Rg1 Ne5 24. Be2 Nc6 25. Rh4 b4 26. Nb1 Rd8+ 27. Kc1 Nd4 28. Bd1 a5 29. Rg5 Nf5 30. Rc4 Rd7 31. Nd2 Bd5 32. Rc5 Ra7 33. c3 h6 34. Rg1 Nd7 35. Rc8 Nd6 36. Rh8 bxc3 37. Nb1 Rc7 38. Bc2 Be4 39. Rg3 Bxc2 40. Kxc2 Ne4 41. Re3 Nxf2 42. Rxc3 Ra7 43. Rxh6 Ne4 44. Rc4 Nd6 45. Rc3 Ne4 46. Rc4 Nd6 47. Rc6 Ne5 48. Rc5 Nd7 49. Rg5 Rc7+ 50. Kd1 Nc4 51. Rb5 Ndb6 52. Nc3 Rd7+ 53. Ke1 Rd3 54. Nd1 Nxa4 55. Rb7+ Rd7 56. Rxd7+ Kxd7 57. Rh5 Nab6 58. h4 Nd5 59. Rh8 Ke7 60. h5 Kf6 61. Rg8 Ne7 62. Rg2 Nf5 63. Nc3 Nce3 64. Rg1 Ke5 65. Ke2 Nd5 66. Nxd5 Kxd5 67. Rh1 Nh6 68. Kf3 Ke5 69. Ra1 Kf5 70. Rxa5+ e5 71. Kg3 f6 72. Kh4 Kf4 73. Ra8 Nf5+ 74. Kh3 Kg5 75. Rf8 Nh6 76. Kg3 f5 77. Re8 Nf7 78. Rf8 Nh6 79. Re8 Ng4 80. Rf8 Nh6 81. Re8 f4+ 82. Kg2 Kf5 83. Ra8 e4 84. Ra7 Ng4 85. Rg7 Nh6 86. Rg6 Ng4 87. Rxg4 Kxg4 88. h6 f3+ 89. Kf1 e3 90. h7 Kg3 91. h8Q e2+ 92. Ke1 Kg2 93. Qh4 1-0

[Event "Medellin Feria de las Flores op"]
[Site "Medellin"]
[Date "2022.08.07"]
[Round "9"]
[White "Torres Cueto, Jesus Marcial"]
[Black "Loaiza Cuervo, Santiago"]
[Result "1-0"]
[WhiteElo "2036"]
[BlackElo "2082"]
[PlyCount "41"]
[EventDate "2022.08.03"]
[EventType "swiss"]
[EventRounds "9"]
[EventCountry "COL"]
[SourceTitle "CBM 209 Extra"]
[Source "ChessBase"]
[SourceDate "2022.09.30"]
[SourceVersion "1"]
[SourceVersionDate "2022.09.30"]
[SourceQuality "1"]

1. d4 Nf6 2. c4 g6 3. Nc3 Bg7 4. e4 d6 5. h3 0-0 6. Be3 e5 7. d5 Na6 8. Qc2 Nc5 9. b4 Na6 10. a3 c6 11. dxc6 bxc6 12. Rd1 Qe7 13. Qa4 Nb8 14. Nf3 Bb7 15. Be2 Nbd7 16. 0-0 Nb6 17. Qa5 Nfd7 18. c5 dxc5 19. bxc5 f5 20. cxb6 axb6 21. Qb4 1-0

[Event "Cartagena Plazuela op"]
[Site "Cartagena"]
[Date "2022.07.21"]
[Round "1"]
[White "Fernandez Maza, Juan"]
[Black "Torres Cueto, Jesus Marcial"]
[Result "0-1"]
[WhiteElo "1571"]
[BlackElo "2051"]
[PlyCount "58"]
[EventDate "2022.07.21"]
[EventType "swiss"]
[EventRounds "6"]
[EventCountry "COL"]
[SourceTitle "CBM 209 Extra"]
[Source "ChessBase"]
[SourceDate "2022.09.30"]
[SourceVersion "1"]
[SourceVersionDate "2022.09.30"]
[SourceQuality "1"]

1. e4 e6 2. d4 d5 3. e5 c5 4. c3 Nc6 5. Nf3 Qb6 6. a3 cxd4 7. cxd4 Nge7 8. Be2 Nf5 9. b4 Ncxd4 10. Nxd4 Qxd4 11. 0-0 Bd7 12. Qxd4 Nxd4 13. Bd3 a5 14. bxa5 Rxa5 15. Nd2 Bc5 16. Nf3 Nb3 17. Rb1 Nxc1 18. Rfxc1 b6 19. Rc3 0-0 20. Rcb3 Rfa8 21. g3 Rxa3 22. Ng5 h6 23. Nh3 Rxb3 24. Rxb3 Ra3 25. Rxa3 Bxa3 26. f4 f6 27. exf6 gxf6 28. Kf1 e5 29. fxe5 Bxh3+ 0-1

[Event "Cartagena Plazuela op"]
[Site "Cartagena"]
[Date "2022.07.21"]
[Round "2"]
[White "Torres Cueto, Jesus Marcial"]
[Black "Varela Sanchez, David Yoel"]
[Result "1-0"]
[WhiteElo "2051"]
[BlackElo "1342"]
[PlyCount "92"]
[EventDate "2022.07.21"]
[EventType "swiss"]
[EventRounds "6"]
[EventCountry "COL"]
[SourceTitle "CBM 209 Extra"]
[Source "ChessBase"]
[SourceDate "2022.09.30"]
[SourceVersion "1"]
[SourceVersionDate "2022.09.30"]
[SourceQuality "1"]

1. d4 d5 2. c4 e6 3. Nc3 c6 4. Bf4 dxc4 5. a4 Bb4 6. e3 b5 7. Be2 Bb7 8. Bf3 Qc8 9. Nge2 Ne7 10. 0-0 a6 11. axb5 axb5 12. Rxa8 Bxa8 13. Nxb5 cxb5 14. Bxa8 Nbc6 15. Bxc6+ Qxc6 16. Ng3 Ng6 17. Qg4 Nxf4 18. Qxf4 0-0 19. Nh5 f6 20. Qg4 Rf7 21. Ra1 f5 22. Qf3 Qxf3 23. gxf3 Rb7 24. Nf4 Kf7 25. Ra6 c3 26. bxc3 Bxc3 27. Nxe6 Rb8 28. Nc5 b4 29. Ra7+ Kg8 30. Nb3 Rd8 31. Kf1 Rd6 32. Rb7 Kf8 33. Nc5 h6 34. h4 g5 35. hxg5 hxg5 36. Ke2 Rg6 37. Kd3 g4 38. fxg4 fxg4 39. Nd7+ Ke8 40. Ne5 Rg5 41. Rb8+ Ke7 42. Nc6+ Kd6 43. Nxb4 Be1 44. Ke2 Bxb4 45. Rxb4 g3 46. fxg3 Rxg3 1-0

[Event "Titled Tuesday intern op 26th Apr Late"]
[Site "Chess.com INT"]
[Date "2022.04.26"]
[Round "9"]
[White "Smail, Benedict"]
[Black "Torres Cueto, Jesus Marcial"]
[Result "0-1"]
[WhiteElo "2085"]
[BlackElo "2051"]
[PlyCount "66"]
[EventDate "2022.04.26"]
[EventType "swiss (blitz)"]
[EventRounds "11"]
[EventCountry "USA"]
[SourceTitle "CBM 208 Extra"]
[Source "ChessBase"]
[SourceDate "2022.07.31"]
[SourceVersion "1"]
[SourceVersionDate "2022.07.31"]
[SourceQuality "1"]

1. d4 e6 2. e4 d5 3. Nc3 Bb4 4. e5 c5 5. a3 Bxc3+ 6. bxc3 Qc7 7. Bd2 Ne7 8. Bd3 Nbc6 9. Nf3 c4 10. Be2 Bd7 11. 0-0 b6 12. Qb1 0-0-0 13. g3 f6 14. exf6 gxf6 15. Bf4 e5 16. Be3 Nf5 17. Re1 h5 18. Bf1 h4 19. Bg2 hxg3 20. hxg3 Rdg8 21. Qb5 Ncxd4 22. Qa6+ Kb8 23. cxd4 Nxg3 24. fxg3 Rxg3 25. Kf2 Rhg8 26. Rg1 e4 27. Nd2 Rxe3 28. Kxe3 Rg3+ 29. Ke2 Bg4+ 30. Ke1 Re3+ 31. Kf2 Qf4+ 32. Bf3 Rxf3+ 33. Kg2 Qg3+ 0-1